Statistics for Countries with two Ns

Click here to take the quiz!

General Stats

  • This quiz has been taken 2,105 times
    (1,993 since last reset)
  • The average score is 16 of 25

Answer Stats

country% Correct
United Kingdom
84%
New Zealand
77%
Afghanistan
74%
St Vincent and the Grenadines
74%
Indonesia
72%
Netherlands
72%
Finland
71%
Argentina
69%
Dominican Republic
67%
Antigua and Barbuda
66%
Turkmenistan
65%
St Kitts and Nevis
64%
North Macedonia
63%
Trinidad and Tobago
62%
Bosnia and Herzegovina
60%
Solomon Islands
59%
Tanzania
59%
Papua New Guinea
58%
San Marino
58%
Central African Republic
55%
Liechtenstein
54%
Benin
51%
Montenegro
51%
Lebanon
46%
São Tomé and Príncipe
34%

Score Distribution

Percentile by Number Answered

Percent of People with Each Score

Your Score History

You have not taken this quiz since the last reset